Normal view MARC view
  • Military surveillance

Entry Topical Term

Number of records used in: 2

001 - CONTROL NUMBER

  • control field: 99326

003 - CONTROL NUMBER IDENTIFIER

  • control field: NUST

005 - DATE AND TIME OF LATEST TRANSACTION

  • control field: 20221006143622.0

008 - FIXED-LENGTH DATA ELEMENTS

  • fixed length control field: 221006|| aca||aabn | a|a d

040 ## - CATALOGING SOURCE

  • Original cataloging agency: NUST
  • Transcribing agency: NUST

150 ## - HEADING--TOPICAL TERM

  • Topical term or geographic name entry element: Military surveillance

670 ## - SOURCE DATA FOUND

  • Source citation: Work cat.: (NUST)175892: Klein, Lawrence A. 60214, Millimeter-wave and infrared multisensor design and signal processing /, c1997.
© 2023 Central Library, National University of Sciences and Technology. All Rights Reserved.